banner-ar

النظام المحاسبى فى منظمات المجتمع المدنى / (Record no. 63539)

MARC details
000 -الفاتح
حقل البيانات ثابتة الطول 01143nam a22002417a 4500
005 - وقت وتاريخ اخر تعامل مع التسجيلة
رقم الضبط 20240530110646.0
008 - عناصر البيانات ثابتة الطول - معلومات عامة
حقل البيانات ثابتة الطول 171114s2015 ua a g 000 0 ara d
017 ## - رقم الايداع القانونى
رقم الايداع القانونى 2008/8588
المصدر ( الهيئة المختصة) مصر. دار الكتب
020 ## - الرقم الدولى المعيارى للكتب
الرقم الدولى المعيارى للكتاب 9773373274
040 ## - مصدر الفهرسة
وكالة الفهرسة الأصلية EG-CaGPL
وكالة النسخ EG-CaGPL
082 04 - رقم تصنيف ديوى العشرى
رقم الطبعة 21
رقم التصنيف 657.48 /
رقم المادة خ ن
110 0# - المدخل الرئيسى - إسم هيئة
اسم الهيئة أو اسم السلطة كمدخل خبراء مركز الخبرات المهنية للادارة بميك
245 12 - بيان العنوان
العنوان النظام المحاسبى فى منظمات المجتمع المدنى /
بيان المسئوليه,etc اعداد المادة العلمية خبراء مركز الخبرات المهنية للادارة بميك ؛ عبدالرحمن توفيق
260 ## - PUBLICATION, DISTRIBUTION, ETC. (IMPRINT)
تاريخ النشر أو التوزيع 2015.
300 ## - الوصف المادى
التعداد 71 ص. :
تفاصيل ماديه اخرى للوعاء ايض ؛
أبعاد الوعاء 30 سم.
490 0# - بيان السلسلة
عنوان السلسلة منهج المحاسبة التطبيقية ؛
رقم المجلد/ التعيين التسلسلي 7
650 07 - المدخل الاضافى بالموضوع-مصطلح موضوعى
مصدر الرأس أو المصطلح qrmak
مصطلح موضوعي المحاسبة التحليلية
650 07 - المدخل الاضافى بالموضوع-مصطلح موضوعى
مصدر الرأس أو المصطلح qrmak
مصطلح موضوعي منظمات المجتمع المدنى
التقسيم الفرعي العام محاسبة
651 ## - المدخل الاضافى بالموضوع - اسم جغرافى
مصدر الرأس أو المصطلح qrmak
700 0# - المدخل الاضافى - اسم شخصى
الإسم الشخصى عبدالرحمن توفيق
الدور مستشار
942 ## - عناصر المدخل الإضافي( كوها)
مصدر التصنيف او مخطط الترفيف Dewey Decimal Classification
Koha [default] item type كتاب
260 ## - PUBLICATION, DISTRIBUTION, ETC. (IMPRINT)
-- القاهرة :
-- مركز الخبرات المهنية للادارة (ببميك) ،
Holdings
حالة التراجع حالة الفقد حالة تلف ليس للاعارة المكان المؤقت الموقع الحالى موقع الترفيف تاريخ الاكتساب اجمالي اﻻعارات رقم الطلب الباركود تاريخ اخر مشاهدة تاريخ تفعيل السعر نوع وعاء كوها
        مكتبة القاهرة الكبرى مكتبة القاهرة الكبرى القاعة الرئيسية 11/14/2017   657.48 / خ ن 163631 11/14/2017 11/14/2017 كتاب

Powered By

EGPV